| 000 | 01478nam a2200217 a 4500 | ||
|---|---|---|---|
| 001 | 000007697 | ||
| 005 | 20240412074205.0 | ||
| 008 | 090907s2008 dr 000 0 spa d | ||
| 040 |
_aDO-SdBNP _cBNPHU |
||
| 082 |
_aRD861.5 _bJ61c |
||
| 100 | 1 |
_aJiménez, José Lizander, _d1990 - _921350 |
|
| 245 | 1 | 0 |
_aCorazón de sol / _cJosé Lizander Jiménez. |
| 260 |
_aMonseñor Nouel, República Dominicana : _b[s. n.], _c2008. |
||
| 300 |
_a50 p. ; _c22cm. |
||
| 500 | _aIncluye datos biográficos del autor | ||
| 505 | 0 | _aCorazón. Vivir sin tí -- Para siempre -- Tan cerca y lejos a la ves -- Locura -- Tu retrato -- Mundo Moderno -- Desahógate -- Amor sincero -- Te odio -- La mataste -- Te quiero y te ignoro -- Pensamientos profundos -- Confesión de amor -- Carta de un niño que no llego -- Mi amiga -- Bellezas de las mujeres -- Nuestro país -- División -- Acabándose -- Descontrol de amor -- Sin regreso -- Sin ti jamás -- Acéptame -- De amor a odio -- Regresa -- Fantasías -- Estoy enamorado -- Conquista -- Besos robados -- Te extraño -- Tu abrigo -- Pinceladas de amor -- Te cambié -- Pensando en tí -- No me dejes -- Poeta -- No puedo estar sin âtí -- La endémica -- Nuestra isla -- Te espero -- Padre -- Sin tí -- Como es que soy poeta -- En el desierto. | |
| 590 | _aLa biblioteca posee un ejemplar autografiado por el autor | ||
| 650 | 0 |
_aPoesía dominicana _966 |
|
| 650 | 0 |
_aLiteratura dominicana. _967 |
|
| 910 | _aValidado. Control de calidad BNPHU | ||
| 999 |
_c7476 _d7476 |
||